00467 a2200157 4500001000700000040003500007100002100042240003000063245002500093362000900118440000900127697002500136942000700161952012200168999001900290153906 cEscola São Tomás de Aquino aMUNIZ, Flávia 10aO jogo do puxa-puxa lpor10aO jogo do puxa-puxa 0 a2012 1aFTD  a*LITERATURA INFANTIL cBK 00104070a12.22b12.22d2024-04-30l1o028.51 MUN JOGpEST00007966r2024-08-21 17:42:47s2024-05-10w2024-04-30yBK c153906d153906